La hora de la transparencia en América Latina (Registro nro. 7694)
[ vista simple ]
| 000 -LEADER | |
|---|---|
| fixed length control field | 01429 a2200229 4500 |
| 001 - CONTROL NUMBER | |
| control field | 62551 |
| 005 - DATE AND TIME OF LATEST TRANSACTION | |
| control field | 20260407155918.0 |
| 008 - FIXED-LENGTH DATA ELEMENTS--GENERAL INFORMATION | |
| fixed length control field | 260407a1998 arg spa d |
| 003 - CONTROL NUMBER IDENTIFIER | |
| control field | AR-UNSa-BCEJYS |
| 040 ## - CATALOGING SOURCE | |
| Original cataloging agency | AR-UNSa-BCEJYS |
| Language of cataloging | spa |
| Transcribing agency | AR-UNSa-BCEJYS |
| 080 ## - UNIVERSAL DECIMAL CLASSIFICATION NUMBER | |
| Universal Decimal Classification number | 35.08 |
| Common auxiliary subdivision | Personal administrativo. Funcionarios. plantilla. función pública. Teoría, organización |
| 020 ## - INTERNATIONAL STANDARD BOOK NUMBER | |
| International Standard Book Number | 978-950-641-251-7 |
| 041 ## - LANGUAGE CODE | |
| Language code of text/sound track or separate title | spa |
| 100 1# - MAIN ENTRY--PERSONAL NAME | |
| Personal name | Lozano, Juan |
| 245 10 - TITLE STATEMENT | |
| Title | La hora de la transparencia en América Latina |
| Name of part/section of a work | El manual de anticorrupción en la función pública |
| 264 #1 - PRODUCTION, PUBLICATION, DISTRIBUTION, MANUFACTURE, AND COPYRIGHT NOTICE | |
| Place of production, publication, distribution, manufacture | Buenos Aires : |
| Name of producer, publisher, distributor, manufacturer | Granica |
| Date of production, publication, distribution, manufacture, or copyright notice | 1998 |
| 300 ## - PHYSICAL DESCRIPTION | |
| Extent | 223 p. |
| Dimensions | 22 cm. |
| 505 ## - FORMATTED CONTENTS NOTE | |
| Formatted contents note | 1. Visión contemporánea de la corrupción - 2. Elementos que contribuyen al desarrollo de la corrupción – 3. Los sistemas nacionales de integridad – 4. Reformas administrativas – 5. Derecho administrativo – 6. El defensor del pueblo – 7. El sistema judicial – 8. La Contraloría General (Entidades Superiores de Fiscalización – ESF) – 9. Oficinas independientes contra la corrupción – 10. Licitaciones y contratos: Los negocios entre el sector público y el privado – 11. El sector de las empresas privadas – 12. El proceso democrático – 13. La sociedad civil – 14. Corrupción y medios de comunicación – 15. Actores y mecanismos internacionales. |
| 590 ## - LOCAL NOTE (RLIN) | |
| Local note | niveau_biblio:m niveau_hierar:0 |
| 700 1# - ADDED ENTRY--PERSONAL NAME | |
| Personal name | Merino Dinari, Valeria |
| 942 ## - ADDED ENTRY ELEMENTS (KOHA) | |
| Koha item type | |
| Withdrawn status | Lost status | Damaged status | Not for loan | Home library | Current library | Shelving location | Date acquired | Total checkouts | Full call number | Barcode | Date last seen | Price effective from | Koha item type |
|---|---|---|---|---|---|---|---|---|---|---|---|---|---|
| Biblioteca Prof. Eusebio Cleto del Rey | Biblioteca Prof. Eusebio Cleto del Rey | 07/04/2026 | 35.08 L925 | L86703 | 07/04/2026 | 07/04/2026 | Libro |